Roberts Field Destinations (Redmond, OR, USA) - Statistics

General Stats
  • This quiz has been taken 31 times
    25 since last reset
  • The average score is 11 of 13
Answer Stats
Airline Destination % Correct
United Airlines Denver
100%
Alaska Airlines/United Express Los Angeles
100%
Alaska Airlines Portland (OR)
100%
Alaska Airlines/United Airlines/United Express San Francisco
100%
American Airlines Dallas/Fort Worth
94%
Avelo Airlines Las Vegas
94%
Alaska Airlines/Delta Connection Seattle/Tacoma
94%
American Eagle Phoenix (Sky Harbor)
88%
Alaska Airlines San Diego
88%
Delta Connection Salt Lake City
82%
Avelo Airlines Burbank
76%
Avelo Airlines Santa Rosa
59%
Avelo Airlines Palm Springs
47%
No matching quizzes found
Score Distribution
Percent of People with Each Score
Percentile by Number Answered
Your Score History
You have not taken this quiz since the last reset